000
00348pam a2200157a 44500
008
230515b2008 xxu||||| |||| 00| 0 eng d
020
_a
NULL
041
_a
ENGLISH
082
_a
621.8 LAL
100
_a
DR JAGDISH LAL
245
_a
THEORY OF MECHANISMS & MACHINES
250
_a
2
260
_a
N
_b
N/A
_c
2008
300
_a
975
650
_a
NULL
999
_c
638935
_d
638935